Writing ourselves into the story : (Record no. 25807)

MARC details
000 -LEADER
fixed length control field 01407cam a2200325 a 4500
001 - CONTROL NUMBER
control field 1086838
003 - CONTROL NUMBER IDENTIFIER
control field OSt
005 - DATE AND TIME OF LATEST TRANSACTION
control field 20220103144803.0
008 - FIXED-LENGTH DATA ELEMENTS--GENERAL INFORMATION
fixed length control field 920316s1993 ilu b 000 0 eng
010 ## - LIBRARY OF CONGRESS CONTROL NUMBER
LC control number 92010625
020 ## - INTERNATIONAL STANDARD BOOK NUMBER
International Standard Book Number 0809318261 (acidfree paper)
020 ## - INTERNATIONAL STANDARD BOOK NUMBER
International Standard Book Number 080931827X (pbk.)
040 ## - CATALOGING SOURCE
Original cataloging agency DLC
Transcribing agency HU
Modifying agency DLC
050 00 - LIBRARY OF CONGRESS CALL NUMBER
Classification number PE1404
Item number .W729 1993
082 00 - DEWEY DECIMAL CLASSIFICATION NUMBER
Classification number 808/.042/07
Edition number 20
245 00 - TITLE STATEMENT
Title Writing ourselves into the story :
Remainder of title unheard voices from composition studies /
Statement of responsibility, etc. edited by Sheryl I. Fontaine & Susan Hunter.
260 ## - PUBLICATION, DISTRIBUTION, ETC.
Place of publication, distribution, etc. Carbondale :
Name of publisher, distributor, etc. Southern Illinois University Press,
Date of publication, distribution, etc. c1993.
300 ## - PHYSICAL DESCRIPTION
Extent vii, 383 p. ;
Dimensions 24 cm.
504 ## - BIBLIOGRAPHY, ETC. NOTE
Bibliography, etc. note Includes bibliographical references.
650 #0 - SUBJECT ADDED ENTRY--TOPICAL TERM
Topical term or geographic name entry element English language
General subdivision Rhetoric
-- Study and teaching.
9 (RLIN) 13389
650 #0 - SUBJECT ADDED ENTRY--TOPICAL TERM
Topical term or geographic name entry element English language
General subdivision Composition and exercises.
9 (RLIN) 18484
650 #0 - SUBJECT ADDED ENTRY--TOPICAL TERM
Topical term or geographic name entry element Report writing
General subdivision Study and teaching.
9 (RLIN) 18485
700 1# - ADDED ENTRY--PERSONAL NAME
Personal name Fontaine, Sheryl I.,
Dates associated with a name 1955-
9 (RLIN) 26889
700 1# - ADDED ENTRY--PERSONAL NAME
Personal name Hunter, Susan,
Dates associated with a name 1948-
9 (RLIN) 26890
856 42 - ELECTRONIC LOCATION AND ACCESS
Materials specified Publisher description
Uniform Resource Identifier <a href="http://www.loc.gov/catdir/enhancements/fy0710/92010625-d.html">http://www.loc.gov/catdir/enhancements/fy0710/92010625-d.html</a>
856 42 - ELECTRONIC LOCATION AND ACCESS
Materials specified Contributor biographical information
Uniform Resource Identifier <a href="http://www.loc.gov/catdir/enhancements/fy0710/92010625-b.html">http://www.loc.gov/catdir/enhancements/fy0710/92010625-b.html</a>
906 ## - LOCAL DATA ELEMENT F, LDF (RLIN)
a 7
b cbc
c orignew
d 1
e ocip
f 19
g y-gencatlg
942 ## - ADDED ENTRY ELEMENTS (KOHA)
Source of classification or shelving scheme Dewey Decimal Classification
Koha item type Books like text book referance book
Suppress in OPAC No
Holdings
Withdrawn status Lost status Source of classification or shelving scheme Damaged status Not for loan Home library Current library Shelving location Date acquired Total Checkouts Full call number Barcode Date last seen Copy number Price effective from Koha item type
    Dewey Decimal Classification     Social Library Social Library General Stacks 01/03/2022   808.0427/WRI SHLIB00011246 01/03/2022 1 01/03/2022 Books like text book referance book